[Event "5th HIT Open"]
[Site "Nova Gorica SLO"]
[Date "2000.02.03"]
[Round "3"]
[White "Beliavsky,A"]
[Black "Fercec,N"]
[Result "1/2-1/2"]
[WhiteElo "2640"]
[BlackElo "2464"]

1.d4 Nf6 2.c4 e6 3.g3 d5 4.Bg2 dxc4 5.Nf3 Be7 6.Qa4+ c6 7.Qxc4 b5 8.Qc2 Bb7
9.O-O O-O 10.Nc3 Nbd7 11.Bg5 Rc8 12.Rfd1 h6 13.Bxf6 Nxf6 14.Ne5 Qb6 15.Ne4 Nxe4
16.Bxe4 Rc7 17.a4 a6 18.Qb3 Rd8 19.Rd3 Rxd4 20.Bg6 Bf6 21.a5 Qc5 22.Nxf7 Qd5
23.Qxd5 cxd5 24.Rxd4 Bxd4 25.Nd6 Ba8 26.Ne8 Rc6 27.Rd1 Bxb2 28.e4 Kf8 29.h4 d4
30.Rd3 Rc3 31.Rd2 Rc1+ 32.Kh2 Bc3 33.Rd3 Bxe4 34.Bxe4 Kxe8 35.Bb7 Ra1 36.Bxa6 Rxa5
37.Bc8 Ke7 38.Rd1 Ra1 39.Rxa1 Bxa1 40.Ba6 b4 41.Kg2 Bc3 42.Kf1 b3 43.h5 Kd6
44.Bc4 b2 45.Bd3 Kc5 46.Ke2 Ba5 47.g4 Kd5 48.f3 Bc7 49.Kd1 Bf4 50.Kc2 Bc1
51.Kd1 Kc5 52.Ke2 Kb4 53.Bb1 Kb3 54.Kd3 e5 55.Ke2 e4 56.fxe4 Bf4 57.Kd3 Be5
58.Kd2 Kc4 59.Bd3+ Kb4 60.Bb1 Bf4+ 61.Kc2 Be5  1/2-1/2

[Event "5th HIT Open"]
[Site "Nova Gorica SLO"]
[Date "2000.02.04"]
[Round "4"]
[White "Abramovic,B"]
[Black "Beliavsky,A"]
[Result "1/2-1/2"]
[WhiteElo "2501"]
[BlackElo "2640"]

1.d4 Nf6 2.Nf3 e6 3.c4 b6 4.g3 Ba6 5.b3 b5 6.cxb5 Bxb5 7.Bg2 d5 8.O-O Nbd7
9.Nc3 Ba6 10.Re1 Bb4 11.Bd2 O-O 12.a3 Be7 13.b4 Bb7 14.Qc2 a5 15.Na4 axb4
16.Bxb4 Ra7 17.Nb2 Bd6 18.Nd3 Qa8 19.Rab1 Bc6 20.Nfe5 Ba4 21.Qd2 Rc8 22.Rec1 Bxb4
23.axb4 Bb5 24.Bf3 Ne4 25.Qf4 Nxe5 26.Nxe5 Nd6 27.Qd2 Qb7 28.Qc3 Ra6 29.Ra1 Rb6
30.h4 f6 31.Ng4 Be8 32.Rab1 c6 33.Ne3 Rb8 34.Nc2 Bg6 35.e3 Ra8 36.Rb3 Ra2
37.Ne1 Ra4 38.h5 Be4 39.Be2 h6 40.Nd3 Bxd3 41.Bxd3 Kf7 42.Qc5 Qb8 43.Rcb1 f5
44.Kg2 Ra7 45.Qc2 Rab7 46.Rc3 Rc7 47.Rc1 Qb7 48.b5  1/2-1/2

[Event "5th HIT Open"]
[Site "Nova Gorica SLO"]
[Date "2000.02.06"]
[Round "6"]
[White "Kogan,A"]
[Black "Beliavsky,A"]
[Result "1/2-1/2"]
[WhiteElo "2483"]
[BlackElo "2640"]

1.e4 d6 2.Nc3 e5 3.Bc4 Nf6 4.d3 Nc6 5.Nge2 Na5 6.Ng3 Nxc4 7.dxc4 Be6 8.Qd3 g6
9.h4 c6 10.h5 Be7 11.hxg6 fxg6 12.Bh6 Qc7 13.Nf1 O-O-O 14.Ne3 Nh5 15.g3 Bf8
16.Bxf8 Rhxf8 17.Qe2 Bg8 18.O-O-O Ng7 19.Qg4+ Ne6 20.Rdf1 Kb8 21.f4 Qb6 22.Ncd1 exf4
23.gxf4 Qb4 24.f5 Nc5 25.fxg6 Rxf1 26.Rxf1 hxg6 27.Qg5 Kc8 28.Qxg6 Bxc4 29.Nxc4 Qxc4
30.Qf5+ Rd7 31.Nc3 b5 32.a3 a5 33.Rd1 Kb7 34.Kb1 Rf7 35.Qg6 b4 36.axb4 axb4
37.Na2 Rf2 38.Qg7+ Kb6 39.Rc1 Nxe4 40.b3 Nd2+ 41.Ka1 Nxb3+ 42.cxb3 Rxa2+
43.Kxa2 Qxc1  1/2-1/2

[Event "5th HIT Open"]
[Site "Nova Gorica SLO"]
[Date "2000.02.07"]
[Round "7"]
[White "Beliavsky,A"]
[Black "Timoscenko,G"]
[Result "1-0"]
[WhiteElo "2640"]
[BlackElo "2519"]

1.d4 e6 2.c4 b6 3.e4 Bb7 4.Bd3 Nc6 5.Nf3 Nb4 6.O-O Ne7 7.Bg5 h6 8.Bh4 Nxd3
9.Qxd3 d6 10.d5 g5 11.Bg3 Bg7 12.Nc3 Qd7 13.Rfe1 O-O 14.h4 g4 15.Nh2 e5 16.b4 a5
17.a3 f5 18.exf5 axb4 19.axb4 Rxa1 20.Rxa1 e4 21.Qc2 Nxf5 22.Ra7 e3 23.Ne2 Bc8
24.fxe3 Qe7 25.Qd3 Nxh4 26.c5 bxc5 27.bxc5 Nf5 28.Bf4 h5 29.Kf1 h4 30.Qc4 Rf7
31.Qb4 Be5 32.Ra8 Rf8 33.Bxe5 Qxe5 34.Qxg4+ Kh7 35.Nf4 Qg7 36.Qh3 Qe5 37.cxd6 cxd6
38.Ra7+  1-0

[Event "Julian Borowski A"]
[Site "Essen GER"]
[Date "2000.04.28"]
[Round "2"]
[White "Beliavsky,A"]
[Black "Hansen,Cu"]
[Result "1/2-1/2"]
[WhiteElo "2640"]
[BlackElo "2618"]

1.d4 Nf6 2.c4 e6 3.Nf3 d5 4.Nc3 Be7 5.Bg5 O-O 6.e3 Nbd7 7.Rc1 Re8 8.Bd3 dxc4
9.Bxc4 a6 10.a4 c5 11.O-O cxd4 12.exd4 Nb6 13.Bb3 Bd7 14.Ne5 Bc6 15.Nxc6 bxc6
16.Bf4 Nbd5 17.Be5 Qb6 18.Re1 Ra7 19.Re2 Rd8 20.Bc4 Ng4 21.Bg3 Ndf6 22.Rd2 Nh6
23.Bd3 g6 24.Bf4 Nf5 25.Bxf5 exf5 26.d5 Rad7 27.dxc6 Rxd2 28.Bxd2 Qxc6 29.Qe2 Bf8
30.Bg5 Re8 31.Qd2 Ne4  1/2-1/2

[Event "Julian Borowski A"]
[Site "Essen GER"]
[Date "2000.04.30"]
[Round "4"]
[White "Beliavsky,A"]
[Black "Glek,I"]
[Result "1-0"]
[WhiteElo "2640"]
[BlackElo "2554"]

1.d4 f5 2.g3 Nf6 3.Bg2 g6 4.c4 Bg7 5.Nc3 d6 6.Nf3 O-O 7.O-O Qe8 8.d5 a5 9.Bd2 Bd7
10.Qc2 Na6 11.Bh6 Nc5 12.Bxg7 Kxg7 13.b3 c6 14.Qb2 Kg8 15.Rad1 Qd8 16.Ne1 Qb6
17.Nd3 Nce4 18.dxc6 Bxc6 19.Nf4 Rfc8 20.Nxe4 Bxe4 21.Bxe4 fxe4 22.Qd2 Qb4
23.Nd5 Qxd2 24.Rxd2 Nxd5 25.Rxd5 Rc5 26.Rxc5 dxc5 27.Rd1 Kf7 28.Rd5 b6 29.a4 Ke6
30.g4 Ra7 31.Kg2 Rd7 32.Rxd7 Kxd7 33.Kg3 e5 34.Kh4 h6 35.Kg3 g5 36.e3 Ke6
37.f4 Kf6 38.fxg5+ Kxg5 39.Kh3  1-0

[Event "Julian Borowski A"]
[Site "Essen GER"]
[Date "2000.05.03"]
[Round "6"]
[White "Beliavsky,A"]
[Black "Sutovsky,E"]
[Result "1/2-1/2"]
[WhiteElo "2640"]
[BlackElo "2597"]

1.c4 g6 2.Nc3 c5 3.g3 Bg7 4.Bg2 Nc6 5.Nf3 e6 6.a3 Nge7 7.d3 d5 8.cxd5 exd5
9.Bd2 O-O 10.O-O Bf5 11.Rc1 c4 12.dxc4 dxc4 13.Qa4 Rc8 14.Be3 Nd5 15.Nxd5 Qxd5
16.Nd2 b5 17.Bxd5 bxa4 18.Rxc4 Ne7 19.Bf3 Rxc4 20.Nxc4 Be6 21.Nd6 Bxb2 22.Bc5 Rb8
23.Rd1 Rb3 24.Ne4 Bxa3 25.Rd8+ Kg7 26.Bd4+ Kh6 27.g4 Bxg4 28.Bxg4 Nc6 29.Rd7 Nxd4
30.Rxd4 Rb4 31.Rd3 Bb2 32.Rd7 a3 33.Rxa7 Rxe4 34.Bf3 Rh4 35.Kg2 Rf4 36.e3 Rf5
37.Be4 Rc5 38.Bb1 Bc1 39.Kf3 Rh5 40.Kg2 Rb5 41.Ba2 Bxe3 42.Rxa3 Rg5+ 43.Kf1 Bd4
44.Rd3 Bb6 45.Rd7 Ra5 46.Bxf7 Rf5 47.Bg8 Rxf2+ 48.Ke1 Kg5 49.Rxh7  1/2-1/2

[Event "Julian Borowski A"]
[Site "Essen GER"]
[Date "2000.05.04"]
[Round "7"]
[White "Zvjaginsev,V"]
[Black "Beliavsky,A"]
[Result "1/2-1/2"]
[WhiteElo "2641"]
[BlackElo "2640"]

1.Nf3 d5 2.d4 Nf6 3.c4 e6 4.Nc3 Be7 5.Bg5 h6 6.Bxf6 Bxf6 7.e3 O-O 8.Qc2 c5
9.dxc5 dxc4 10.Bxc4 Qa5 11.O-O Bxc3 12.Qxc3 Qxc3 13.bxc3 Nd7 14.c6 bxc6 15.Rab1 Nb6
16.Be2 c5  1/2-1/2

[Event "Julian Borowski A"]
[Site "Essen GER"]
[Date "2000.05.06"]
[Round "9"]
[White "Beliavsky,A"]
[Black "Dautov,R"]
[Result "0-1"]
[WhiteElo "2640"]
[BlackElo "2602"]

1.d4 d5 2.c4 c6 3.Nf3 Nf6 4.Nc3 a6 5.a4 e6 6.Bg5 Nbd7 7.e3 Qa5 8.Nd2 Bb4
9.Qc2 c5 10.Bh4 O-O 11.Be2 cxd4 12.exd4 dxc4 13.Nxc4 Qd5 14.O-O Qxd4 15.Bg3 Qa7
16.a5 b5 17.axb6 Nxb6 18.Nb5 Qb7 19.Nc7 Ra7 20.Na5 Bxa5 21.Rxa5 Nbd5 22.Rxa6 Nxc7
23.Rxa7 Qxa7 24.Qxc7 Qxc7 25.Bxc7 Nd5 26.Bd6 Rd8 27.Bc5 Bd7 28.Ra1 f6 29.Ra7 Nf4
30.Bf1 Bb5 31.Ra1 Bxf1 32.Kxf1 Rd5 33.Be3 Nd3 34.b3 Rb5 35.Rb1 e5 36.Ke2 Nb4
37.Bd2 Kf7 38.Rc1 Nd5 39.Rb1 e4 40.b4 f5 41.Kd1 Ke6 42.Kc2 f4 43.Kb3 Rb7
44.Rc1 e3 45.fxe3 fxe3 46.Re1 Kf5 47.Bxe3 Rxb4+ 48.Kc2 Rg4 49.g3 Ke4 50.Bd2+ Kf3
51.Re5 Nf6 52.Bc3 Ne4 53.Bd4 g6 54.Kd3 Nf2+ 55.Kc4 Ne4 56.Kd3 Ng5 57.Be3 Re4
58.Rxg5 Rxe3+ 59.Kd4 Re2 60.h4 Re4+  0-1

[Event "Veselin Boskovic Mem"]
[Site "Belgrade YUG"]
[Date "2000.10.04"]
[Round "2"]
[White "Romanishin,O"]
[Black "Beliavsky,A"]
[Result "0-1"]
[WhiteElo "2591"]
[BlackElo "2654"]

1.d4 Nf6 2.Nf3 e6 3.g3 d5 4.Bg2 Be7 5.O-O O-O 6.c4 dxc4 7.Qc2 a6 8.a4 Bd7
9.Qxc4 Bc6 10.Bg5 Bd5 11.Qc2 Be4 12.Qd1 c5 13.dxc5 h6 14.Be3 Nd5 15.Qc1 Qa5
16.Na3 Nd7 17.Nc4 Qb4 18.Ne1 Nxe3 19.Nxe3 Nxc5 20.N1c2 Qb6 21.a5 Qc7 22.Bxe4 Nxe4
23.Ra4 Nd6 24.Na3 Rac8 25.Qxc7 Rxc7 26.Rd1 Rfc8 27.Kg2 Rc5 28.Rd3 Kf8 29.Nb1 Rb5
30.b3 Nf5 31.Nxf5 Rxf5 32.Nd2 Rd8 33.Rxd8+ Bxd8 34.Nc4 Rb5 35.Ra2 Rxb3 36.Rd2 Ke7
37.Ne5 Bxa5 38.Rd7+ Ke8 39.Rxf7 Rb5 40.Rxg7 Rxe5 41.Rxb7 Rxe2 42.h4  0-1

[Event "Veselin Boskovic Mem"]
[Site "Belgrade YUG"]
[Date "2000.10.08"]
[Round "5"]
[White "Beliavsky,A"]
[Black "Georgiev,Ki"]
[Result "1-0"]
[WhiteElo "2654"]
[BlackElo "2661"]

1.d4 Nf6 2.c4 e6 3.Nf3 b6 4.g3 Ba6 5.b3 Bb4+ 6.Bd2 Be7 7.Bg2 c6 8.Bc3 d5
9.Ne5 Bb7 10.Nd2 Na6 11.a3 c5 12.b4 O-O 13.dxc5 bxc5 14.b5 Nc7 15.Nb3 Nd7
16.Na5 Nxe5 17.Nxb7 Qc8 18.Bxe5 Qxb7 19.O-O Rad8 20.a4 a5 21.Qd2 Qb6 22.Bc3 dxc4
23.Qe1 Nd5 24.Bxa5 Qa7 25.Bxd8 Rxd8 26.Qc1 Qa5 27.Qxc4 Nb6 28.Qe4 c4 29.Qb7 Rd7
30.Qa6 Ra7 31.Qxa5 Rxa5 32.Rfd1 Kf8 33.Ra2 g6 34.e3 c3 35.Be4 Bc5 36.Bc2 Nd5
37.Bb3 Nb4 38.Raa1 Be7 39.Rd4 Ra8 40.Rc1 c2 41.Rc4  1-0

[Event "Veselin Boskovic Mem"]
[Site "Belgrade YUG"]
[Date "2000.10.12"]
[Round "9"]
[White "Beliavsky,A"]
[Black "Xie Jun"]
[Result "1-0"]
[WhiteElo "2654"]
[BlackElo "2568"]

1.d4 Nf6 2.c4 g6 3.Nc3 Bg7 4.e4 d6 5.Nf3 O-O 6.Be2 e5 7.O-O Nc6 8.d5 Ne7
9.Nd2 Nd7 10.b4 a5 11.bxa5 Rxa5 12.Nb3 Ra8 13.Be3 b6 14.a4 f5 15.f3 Nc5 16.a5 fxe4
17.fxe4 Rxf1+ 18.Bxf1 Nxb3 19.Qxb3 Kh8 20.Nb5 Ng8 21.Qc3 Nf6 22.axb6 Rxa1
23.Qxa1 cxb6 24.Qa8 Ng4 25.Nxd6 Qxd6 26.Qxc8+ Bf8 27.Qxg4  1-0

[Event "chT-SLO"]
[Site "Bled SLO"]
[Date "2000.10.14"]
[Round "1"]
[White "Beliavsky,A"]
[Black "Sermek,D"]
[Result "1/2-1/2"]
[WhiteElo "2654"]
[BlackElo "2514"]

1.d4 Nf6 2.c4 c5 3.d5 b5 4.Nd2 bxc4 5.e4 e6 6.dxe6 dxe6 7.Bxc4 Bb7 8.Qe2 Nbd7
9.Ngf3 Qc7 10.b3 Bd6 11.Bb2 Ne5 12.Bb5+ Ke7 13.O-O Nxf3+ 14.Nxf3 Nxe4 15.Rac1 Rhd8
16.b4 Bxh2+ 17.Nxh2 Rd2 18.Rxc5 Qb6 19.Qc4 Rxb2 20.a4 a6 21.Rc7+ Kf8 22.Rxb7 Qxb7
23.Bc6 Rc8 24.Bxe4 Rxc4 25.Bxb7 Rcxb4 26.Bxa6 Rxa4 27.Bd3 Rd4 28.Ba6 Ra4
29.Bd3 e5 30.Re1 Rd4 31.Bxh7 g6 32.Nf3 Rf4 33.Bxg6 fxg6 34.Rxe5  1/2-1/2

[Event "chT-SLO"]
[Site "Bled SLO"]
[Date "2000.10.15"]
[Round "2"]
[White "Palac,M"]
[Black "Beliavsky,A"]
[Result "1-0"]
[WhiteElo "2573"]
[BlackElo "2654"]

1.e4 e5 2.Nf3 Nc6 3.Bb5 a6 4.Ba4 Nf6 5.O-O Be7 6.Re1 b5 7.Bb3 d6 8.a4 Bd7
9.c3 O-O 10.d4 h6 11.Nbd2 Re8 12.Nf1 Bf8 13.Bc2 exd4 14.Nxd4 b4 15.Bd2 Rb8
16.Ng3 bxc3 17.Nxc6 Bxc6 18.Bxc3 g6 19.Bd3 Bb7 20.Bc4 Bg7 21.Qc2 Ng4 22.h3 Ne5
23.Ba2 Qh4 24.Rad1 Re7 25.Bd5 Bc8 26.Re3 h5 27.Ne2 c5 28.f4 Nd7 29.e5 dxe5
30.Qxg6 Rb6 31.Qg3 Qxg3 32.Nxg3 Nf6 33.Bc4 h4 34.Rxe5 Rd7 35.Rxd7 Bxd7 36.Nf5 Bh8
37.a5 Rb8 38.Nh6+ Kf8 39.Nxf7 Bg7 40.Ng5  1-0

[Event "chT-SLO"]
[Site "Bled SLO"]
[Date "2000.10.17"]
[Round "4"]
[White "Golubovic,B"]
[Black "Beliavsky,A"]
[Result "0-1"]
[WhiteElo "2466"]
[BlackElo "2654"]

1.e4 d6 2.d4 Nf6 3.Nc3 g6 4.Be3 c6 5.Qd2 b5 6.f3 Nbd7 7.g4 Nb6 8.h4 h5 9.g5 Nfd7
10.b3 Bb7 11.a4 b4 12.Nd1 a5 13.Nb2 Bg7 14.O-O-O O-O 15.Qf2 Qc7 16.f4 c5
17.d5 e6 18.dxe6 fxe6 19.Bd3 Ne5 20.Nf3 Ng4 21.Qg1 e5 22.fxe5 Rxf3 23.exd6 Bxb2+
24.Kxb2 Qg7+ 25.Kb1 Nxe3 26.Re1 Qd4 27.Rh2 c4 28.Be2 Nxc2 29.Bxf3 Na3+ 30.Kc1 Qc3+
31.Kd1 Qxf3+ 32.Ree2 cxb3 33.Qd4 Rc8 34.Rf2 Qh1+  0-1

[Event "chT-SLO"]
[Site "Bled SLO"]
[Date "2000.10.18"]
[Round "5"]
[White "Beliavsky,A"]
[Black "Sveshnikov,E"]
[Result "1/2-1/2"]
[WhiteElo "2654"]
[BlackElo "2555"]

1.d4 d5 2.c4 e6 3.Nf3 Nf6 4.Nc3 c6 5.Bg5 h6 6.Bxf6 Qxf6 7.e3 Nd7 8.Bd3 dxc4
9.Bxc4 Bd6 10.O-O Qe7 11.e4 e5 12.d5 Nb6 13.dxc6 bxc6 14.Bb3 Bg4 15.h3 Bxf3
16.Qxf3 O-O 17.Rac1 Bc5 18.Ne2 Rac8 19.Rfd1 g6 20.Rc2 Kg7 21.Rdc1 Nd7 22.Ba4 Rc7
23.Rc4 Rb8 24.b3 a5 25.R1c2 Rb4 26.R4c3 Rb8 27.g3 Rbc8 28.Kg2 Qd6 29.h4 Bb4
30.Rd3 Qe7 31.h5 Nc5 32.Rd1 Ne6 33.Rh1 Bc5 34.Qg4 Qg5 35.Qxg5 hxg5 36.hxg6 Kxg6
37.Rhc1 Ba3 38.Rd1 g4 39.Rh1 Be7 40.Rc4 Rd8 41.Bxc6 Rd2 42.Bd5 Rxe2 43.Bxe6 Rxc4
44.Bxc4 Rxa2 45.Re1  1/2-1/2

[Event "North American Open"]
[Site "Las Vegas USA"]
[Date "2000.12.26"]
[Round "1"]
[White "Beliavsky,A"]
[Black "Shamkovich,L"]
[Result "1-0"]
[WhiteElo "2654"]
[BlackElo "2343"]

1.d4 d5 2.c4 c6 3.Nf3 Nf6 4.Nc3 dxc4 5.a4 Na6 6.e3 Bg4 7.Bxc4 e6 8.h3 Bxf3
9.Qxf3 Nb4 10.O-O Be7 11.Rd1 O-O 12.Qe2 c5 13.dxc5 Qc7 14.b3 a6 15.Bb2 Bxc5
16.Qf3 Be7 17.Ne4 Nbd5 18.Rac1 Qa5 19.Qg3 Ne8 20.Bxd5 exd5 21.Qe5 Qb4 22.Qxd5 Rd8
23.Qc4 Qxc4 24.bxc4 Rxd1+ 25.Rxd1 f5 26.Nc3 Bf6 27.Kf1 Rf7 28.Ke2 Rc7 29.Kd3 Kf7
30.Nd5 Bxb2 31.Nxc7 Nxc7 32.Kc2  1-0

[Event "North American Open"]
[Site "Las Vegas USA"]
[Date "2000.12.27"]
[Round "2"]
[White "Tegshsuren,E"]
[Black "Beliavsky,A"]
[Result "1-0"]
[WhiteElo "2415"]
[BlackElo "2654"]

1.d4 Nf6 2.Nf3 e6 3.c4 b6 4.g3 Ba6 5.b3 b5 6.cxb5 Bxb5 7.Nc3 Bb4 8.Bd2 Bc6
9.Bg2 O-O 10.O-O a5 11.Ne5 Bxg2 12.Kxg2 c5 13.dxc5 Bxc5 14.Rc1 Be7 15.Na4 Ra6
16.Rc2 d6 17.Nf3 Nc6 18.Qb1 Qa8 19.Kg1 d5 20.Be3 Nd7 21.Nd4 Nxd4 22.Bxd4 Rc6
23.Rxc6 Qxc6 24.Rc1 Qa6 25.Rc7 Bf6 26.Bxf6 Nxf6 27.Qc2 h5 28.Nc5 Qd6 29.Nd3 Ne4
30.Ra7 Qb6 31.Qc7 Qd4 32.Rxa5 Nc3 33.Qe5 Qxe5 34.Nxe5 Nxe2+ 35.Kf1 Nc3 36.Ke1 Rc8
37.Nd3 Ne4 38.f3 Ng5 39.Ke2 Rc2+ 40.Ke3 Rxh2 41.b4 f6 42.a4 Ra2 43.f4 Ne4
44.b5 Nd6 45.Kd4 Rc2 46.Ne1 Rc1 47.Nf3 Rf1 48.Ra8+ Kh7 49.Nd2 Rd1 50.Kc3 Rg1
51.Kb4 Rxg3 52.Ra6 Nf5 53.Rxe6 Nd4 54.Rd6 Rd3 55.Rxd5 Rxd2 56.Rxh5+ Kg6 57.Rd5 Rd1
58.f5+ Kg5 59.Kc4 Ra1 60.Kxd4 Rxa4+ 61.Kc5 Ra5 62.Kc6 Ra8 63.b6 Kf4 64.b7 Rf8
65.Kc7 Rf7+ 66.Kc8  1-0

[Event "Tch-AUT 2000-01"]
[Site "Fuerstenfeld AUT"]
[Date "2001.03.17"]
[Round "10"]
[White "Beliavsky,A"]
[Black "Hickl,J"]
[Result "1/2-1/2"]
[WhiteElo "2638"]
[BlackElo "2582"]

1.d4 d6 2.e4 g6 3.Nc3 c6 4.Nf3 Bg7 5.Be2 Nf6 6.O-O O-O 7.Re1 Nbd7 8.Bf1 e5
9.a4 Qc7 10.Bg5 h6 11.Bh4 b6 12.dxe5 dxe5 13.Nd2 Nc5 14.Nc4 Be6 15.f3 Rfd8
16.Qc1 Kh7 17.Bf2 Bf8 18.Nd1 a6 19.a5 b5 20.Nb6 Rab8 21.b4 Ncd7 22.Nxd7 Rxd7
23.Qb2 c5 24.c3 Rc8  1/2-1/2

[Event "Tch-AUT 2000-01"]
[Site "Fuerstenfeld AUT"]
[Date "2001.03.18"]
[Round "11"]
[White "Popovic,P"]
[Black "Beliavsky,A"]
[Result "0-1"]
[WhiteElo "2518"]
[BlackElo "2638"]

1.e4 d6 2.d4 g6 3.Nf3 Nf6 4.Bd3 Bg7 5.O-O O-O 6.c3 Nc6 7.Re1 e5 8.h3 Re8
9.Nbd2 Bd7 10.Nf1 b5 11.Ng3 Qb8 12.Bg5 a5 13.Qd2 a4 14.Bf1 Qb7 15.Rab1 Rab8
16.Kh1 Qc8 17.Rbd1 Qb7 18.Rb1 b4 19.Bd3 bxc3 20.bxc3 Qa7 21.Be3 Qa8 22.d5 Ne7
23.c4 c5 24.Nxe5 dxe5 25.Bxc5 Rxb1 26.Rxb1 h5 27.Qb4 Bf8 28.Bd6 h4 29.Ne2 Qa6
30.Qa3 Qa5 31.Nc3 g5 32.c5 Qa7 33.Kg1 g4 34.c6 g3 35.Qc5 Nxc6 36.Bxf8 Rxf8
37.Rb6 Nd4 38.Qd6 Nh7 39.Qh6 Rc8 40.Ra6 Nf3+ 41.Kh1 Qxf2  0-1

[Event "TCh-YUG"]
[Site "Herceg Novi YUG"]
[Date "2001.05.18"]
[Round "5"]
[White "Svetushkin,D"]
[Black "Beliavsky,A"]
[Result "0-1"]
[WhiteElo "2481"]
[BlackElo "2638"]

1.e4 d6 2.d4 Nf6 3.Nc3 g6 4.f3 a6 5.Be3 b5 6.Qd2 Bb7 7.g4 e6 8.h4 h5 9.g5 Nfd7
10.a4 b4 11.Nce2 d5 12.e5 c5 13.f4 Nc6 14.Nf3 Be7 15.Bg2 a5 16.dxc5 Nxc5
17.Nfd4 Nxd4 18.Nxd4 Qd7 19.b3 Ba6 20.Kf2 O-O 21.Rhd1 Rfc8 22.Kg1 Rc7 23.Qf2 Rac8
24.Rd2 Qe8 25.Re1 Ne4 26.Bxe4 dxe4 27.Qg2 Rc3 28.Qxe4 Bc5 29.Bf2 Rd8 30.Red1 Rd5
31.Ne2 Bb7 32.Rxd5 exd5 33.Qg2 Bxf2+ 34.Qxf2 Rxc2 35.Qf3 Qc8 36.Nd4 Rc3 37.Qg2 Re3
38.Rd2 Qc3 39.Qf2 Bc8 40.Kg2 Bh3+ 41.Kh2 Bg4 42.Kg2 Re4 43.Kg1 Qh3 44.Rc2 Re3
45.Qf1 Qxh4 46.Rh2 Bh3  0-1

[Event "TCh-YUG"]
[Site "Herceg Novi YUG"]
[Date "2001.05.20"]
[Round "7"]
[White "Drazic,S"]
[Black "Beliavsky,A"]
[Result "1/2-1/2"]
[WhiteElo "2490"]
[BlackElo "2638"]

1.d4 d6 2.c4 Nf6 3.Nc3 g6 4.e4 Bg7 5.h3 O-O 6.Be3 e5 7.d5 c6 8.Nf3 a5 9.Nd2 Na6
10.Be2 Bd7 11.a3 Rb8 12.g4 cxd5 13.cxd5 b5 14.b4 Ne8 15.Qb3 f5 16.gxf5 gxf5
17.exf5 axb4 18.axb4 Nac7 19.Nde4 Bxf5 20.Bg4 Ra8 21.Rxa8 Qxa8 22.Bxf5 Rxf5
23.Kd2 Qd8 24.Rg1 Qh4 25.Rg3 Kh8 26.Qb1 Bh6 27.Qg1 Rf8 28.Qg2 Nf6 29.Nxf6 Qxf6
30.Kc2 Bf4 31.Rg4 Qf5+ 32.Kb3 Bxe3 33.fxe3 Qd3 34.Qe4 Qxe4 35.Nxe4 Nxd5 36.Nxd6 Nxe3
37.Rg5 Rf3 38.Nxb5 h6 39.Rg6 Rxh3 40.Rc6 h5 41.Rc3 h4 42.Nd6 Rf3 43.Nf7+ Kg7
44.Nxe5 Rg3 45.b5 h3 46.Ng4 Rxg4  1/2-1/2

[Event "TCh-YUG"]
[Site "Herceg Novi YUG"]
[Date "2001.05.21"]
[Round "8"]
[White "Beliavsky,A"]
[Black "Zontakh,A"]
[Result "1-0"]
[WhiteElo "2638"]
[BlackElo "2532"]

1.Nf3 d5 2.d4 Nf6 3.c4 dxc4 4.Nc3 c6 5.a4 Bf5 6.Ne5 Nbd7 7.Nxc4 Nb6 8.Ne5 a5
9.f3 Nfd7 10.Bf4 Nxe5 11.Bxe5 Nc4 12.e4 Nxe5 13.exf5 Nd7 14.Bc4 Qb6 15.Qe2 g6
16.O-O-O gxf5 17.Rhe1 O-O-O 18.Bxf7 Kb8 19.Qc4 Bh6+ 20.Kb1 Bf4 21.Rxe7 Bd6
22.Re2 Bxh2 23.Be6 Rhf8 24.g4 Bd6 25.Bxf5 h5 26.Ne4 Bb4 27.Ng5 hxg4 28.fxg4 Nc5
29.Qc2 Nd7 30.Ne6 Nf6 31.Nxf8 Rxf8 32.Be6 Rd8 33.g5 Nd5 34.g6 Nf4 35.g7  1-0

[Event "TCh-YUG"]
[Site "Herceg Novi YUG"]
[Date "2001.05.22"]
[Round "9"]
[White "Nevednichy,V"]
[Black "Beliavsky,A"]
[Result "0-1"]
[WhiteElo "2563"]
[BlackElo "2638"]

1.e4 e5 2.Nf3 Nc6 3.Bc4 Nf6 4.d3 Be7 5.O-O O-O 6.Bb3 d6 7.c3 Na5 8.Bc2 c5
9.Nbd2 Nc6 10.Re1 Re8 11.Nf1 h6 12.h3 Bf8 13.N3h2 d5 14.Qf3 d4 15.Bb3 Na5
16.Ba4 Bd7 17.Bxd7 Nxd7 18.c4 a6 19.Ng3 b5 20.b3 g6 21.Ng4 Qh4 22.Bd2 Nc6
23.Rec1 Bg7 24.Qd1 b4 25.Qf3 a5 26.a4 bxa3 27.Rxa3 Ra6 28.Rca1 Rea8 29.Qe2 Nb4
30.Bc1 Nf8 31.Qd1 Ne6 32.Nh2 h5 33.Nf3 Qe7 34.Ne1 Bf6 35.Nf3 Bg7 36.Ne1 Kh7
37.Nf3 Qf6 38.Ne2 h4 39.Ra4 Qe7 40.Ne1 f5 41.Bd2 Bh6 42.Bxh6 Kxh6 43.Qd2+ Qg5
44.Qxg5+ Kxg5 45.Rd1 Kf6 46.Rd2 Rb8 47.Ra3 Nc6 48.Kh2 Rab6 49.Nc1 Ng5 50.Re2 R6b7
51.Kg1 Ra7 52.Kf1 Ne6 53.Ra4 Rb4 54.Ra1 a4 55.bxa4 Raxa4 56.Rxa4 Rxa4 57.g3 Nb4
58.Kg2 Ra3 59.exf5 gxf5 60.Nf3 Rc3 61.Nxe5 Rxc1 62.Nd7+ Kf7 63.Ne5+ Ke7 64.Ng6+ Kf6  0-1

[Event "2nd IECC"]
[Site "Ohrid MKD"]
[Date "2001.06.01"]
[Round "1"]
[White "Beliavsky,A"]
[Black "Savchenko,S"]
[Result "1/2-1/2"]
[WhiteElo "2638"]
[BlackElo "2517"]

1.d4 d5 2.c4 c6 3.Nf3 Nf6 4.Nc3 dxc4 5.a4 Bf5 6.Ne5 Nbd7 7.Nxc4 Nb6 8.e3 e6
9.a5 Nxc4 10.Bxc4 Bd6 11.f3 e5 12.dxe5 Bxe5 13.e4 Qe7 14.Qb3 O-O 15.O-O Bg6
16.Ne2 Qc7 17.f4 Bd6 18.e5 Bc5+ 19.Be3 Qe7 20.Kh1 Ng4 21.Bxc5 Qxc5 22.f5 Qxe5
23.Ng3 Bh5 24.Rae1 Qd6 25.Be2 Rae8 26.Bxg4 Bxg4 27.h3 Qh6 28.Kg1 Bxh3 29.gxh3 Qxh3
30.Re3 h5 31.Rf4 Rxe3 32.Qxe3 Rd8 33.Nf1 Qxe3+ 34.Nxe3 Rd2 35.Rb4 Rd7 36.Kf2 g5
37.Ke2 Kg7 38.Re4 Kf6 39.Re8 g4 40.Ra8 a6 41.b3 Kg5 42.Re8 Kf4 43.f6 Rd6
44.Re7 Rxf6 45.Rxb7 Kg3 46.Ra7 Rf2+ 47.Kd3 Rf3 48.Ke2 Rf2+ 49.Kd3 Rf3 50.Ke2  1/2-1/2

[Event "2nd IECC"]
[Site "Ohrid MKD"]
[Date "2001.06.05"]
[Round "5"]
[White "Beliavsky,A"]
[Black "Rechlis,G"]
[Result "1-0"]
[WhiteElo "2638"]
[BlackElo "2525"]

1.d4 Nf6 2.c4 e6 3.Nf3 b6 4.g3 Ba6 5.b3 d5 6.cxd5 Bb4+ 7.Bd2 Bxd2+ 8.Qxd2 Nxd5
9.e4 Bxf1 10.Kxf1 Nf6 11.Nc3 Qc8 12.Kg2 Qb7 13.Rhe1 O-O 14.Rad1 Na6 15.Ne5 Rad8
16.f3 c5 17.d5 exd5 18.exd5 Nb4 19.d6 Nc6 20.Nxc6 Qxc6 21.Re7 Rd7 22.Qf4 b5
23.g4 h6 24.h4 b4 25.Rxd7 Qxd7 26.Nd5 Nxd5 27.Rxd5 Rc8 28.Re5 Re8 29.Rxc5 Re2+
30.Kh3 Qe6 31.Rc7 Qd5 32.d7 Kh7 33.d8=Q  1-0

[Event "2nd IECC"]
[Site "Ohrid MKD"]
[Date "2001.06.06"]
[Round "6"]
[White "Reinderman,D"]
[Black "Beliavsky,A"]
[Result "1/2-1/2"]
[WhiteElo "2539"]
[BlackElo "2638"]

1.e4 e5 2.Nf3 Nc6 3.Bb5 a6 4.Bxc6 dxc6 5.O-O f6 6.d4 Bg4 7.c3 Bd6 8.Be3 Ne7
9.Nbd2 O-O 10.Qb3+ Kh8 11.Qxb7 Be6 12.c4 Rb8  1/2-1/2

[Event "2nd IECC"]
[Site "Ohrid MKD"]
[Date "2001.06.07"]
[Round "7"]
[White "Beliavsky,A"]
[Black "Gershon,A"]
[Result "1/2-1/2"]
[WhiteElo "2638"]
[BlackElo "2539"]

1.d4 Nf6 2.c4 e6 3.Nf3 b6 4.g3 Ba6 5.b3 Bb4+ 6.Bd2 Be7 7.Bg2 c6 8.Bc3 d5
9.Ne5 Nfd7 10.Nxd7 Nxd7 11.Nd2 O-O 12.O-O Nf6 13.e4 b5 14.Re1 dxe4 15.Qc2 Rb8
16.Rad1 Qc8 17.Ba5 bxc4 18.bxc4 c5 19.Nxe4 cxd4 20.Rxd4 Nxe4 21.Bxe4 f5 22.Bg2 Bf6
23.Rd2 Qxc4 24.Rxe6 Qb5 25.Rd5 Qb1+ 26.Qxb1 Rxb1+ 27.Re1 Rxe1+ 28.Bxe1 Rb8
29.Bf1 Bxf1 30.Kxf1 Rb1 31.Ke2 Rb2+ 32.Rd2 Kf7 33.Rxb2 Bxb2 34.Kd3 Ke6 35.Kc4 Kd6
36.f3 Kc6 37.h3 g6 38.g4 fxg4 39.fxg4 Be5 40.Bf2 a6 41.Bd4 Bg3 42.Bg7 Bf2
43.Bh6 Bb6 44.h4 Bf2 45.h5 gxh5 46.gxh5 Bb6 47.Bf4 Bf2 48.Be5 Bb6 49.Bd4 Bd8
50.Ba7 Bf6 51.Bc5  1/2-1/2

[Event "Rapidplay"]
[Site "Villarrobledo ESP"]
[Date "2001.08.18"]
[Round "2"]
[White "Aguas,M"]
[Black "Beliavsky,A"]
[Result "0-1"]
[WhiteElo "2295"]
[BlackElo "2659"]

1.e4 d6 2.d4 Nf6 3.Nc3 g6 4.f4 Bg7 5.Nf3 O-O 6.Bd3 Nc6 7.e5 dxe5 8.fxe5 Nh5
9.Be3 f6 10.exf6 Nxf6 11.Qd2 Ng4 12.O-O-O Nxe3 13.Qxe3 Bg4 14.Bc4+ Kh8 15.Ng5 Bxd1
16.Rxd1 Qd6 17.Nf7+ Rxf7 18.Bxf7 Rf8 19.Bb3 Nxd4 20.Kb1  0-1

[Event "Rapidplay"]
[Site "Villarrobledo ESP"]
[Date "2001.08.19"]
[Round "7"]
[White "Beliavsky,A"]
[Black "Ljubojevic,L"]
[Result "1/2-1/2"]
[WhiteElo "2659"]
[BlackElo "2548"]

1.d4 Nf6 2.c4 e6 3.Nf3 b6 4.g3 Bb4+ 5.Bd2 Be7 6.Bg2 Bb7 7.Nc3 d5 8.cxd5 exd5
9.O-O O-O 10.Bf4 Nh5 11.Be3 Nf6 12.Rc1 Na6 13.Ne5 c6 14.a3 c5 15.Qa4 cxd4
16.Bxd4 Nc5 17.Qc2 Rc8 18.Rfd1 Bd6 19.Nc4 dxc4 20.Bxc5 Rxc5 21.Bxb7 Qe7 22.Bg2 Be5
23.Rd2 b5 24.Rcd1 a5 25.Nd5 Nxd5 26.Rxd5 Bf6 27.Rxc5 Qxc5 28.Rd5 Qb6 29.e3 Rd8
30.Rxd8+ Qxd8 31.a4 bxa4  1/2-1/2

[Event "TCh-YUG"]
[Site "Herceg Novi YUG"]
[Date "2001.09.03"]
[Round "1"]
[White "Sedlak,N"]
[Black "Beliavsky,A"]
[Result "0-1"]
[WhiteElo "2457"]
[BlackElo "2659"]

1.e4 d6 2.d4 Nf6 3.Nc3 g6 4.Bg5 Bg7 5.Qd2 h6 6.Bh4 g5 7.Bg3 Nh5 8.O-O-O Nd7
9.e5 Nb6 10.Qe2 Nxg3 11.hxg3 e6 12.f4 Bd7 13.d5 exd5 14.exd6+ Kf8 15.Nxd5 Nxd5
16.Rxd5 Qf6 17.Qe7+ Qxe7 18.dxe7+ Kxe7 19.Nf3 Bc6 20.Rc5 gxf4 21.gxf4 Rad8
22.Bc4 Bd4 23.Rf5 Rh7 24.Re1+ Kf8 25.Ne5 Bxe5 26.fxe5 Ke7 27.Ref1 Bd5 28.Bxd5 Rxd5
29.Rh5 Rd4 30.b3 Rg4 31.Rf2 Rg6 32.Rh4 Rg5 33.Rb4 b6 34.Rc4 c5 35.Ra4 a5
36.Re4 Rhg7 37.Rh4 h5 38.Re2 Ke6 39.a4 Rf5 40.Kb2 Rgg5 41.Kc3 Rxe5 42.Rf2 Rg4
43.Rxg4 hxg4 44.Kc4 Re4+ 45.Kb5 Rb4+ 46.Kc6 f5 47.Re2+ Kf6 48.g3 f4 49.gxf4 Kf5
50.Re8 Kxf4 51.Rf8+ Ke3  0-1